Cell biology / (Record no. 187021)
[ view plain ]
| 000 -LEADER | |
|---|---|
| fixed length control field | 00593nam a2200217Ia 4500 |
| 005 - DATE AND TIME OF LATEST TRANSACTION | |
| control field | 20220901152143.0 |
| 008 - FIXED-LENGTH DATA ELEMENTS--GENERAL INFORMATION | |
| fixed length control field | 210716s2005 xx 000 0 und d |
| 020 ## - INTERNATIONAL STANDARD BOOK NUMBER | |
| International Standard Book Number | 8183181902 |
| 040 ## - CATALOGING SOURCE | |
| Transcribing agency | AIMIT LIBRARY |
| 041 ## - LANGUAGE CODE | |
| Language code of text/sound track or separate title | eng |
| 082 ## - DEWEY DECIMAL CLASSIFICATION NUMBER | |
| Classification number | 574.87 |
| Edition number | 1 |
| Item number | POWC |
| 100 ## - MAIN ENTRY--PERSONAL NAME | |
| Personal name | Power, C B. |
| 9 (RLIN) | 56397 |
| 245 ## - TITLE STATEMENT | |
| Title | Cell biology / |
| Statement of responsibility, etc. | By C B Power. |
| 250 ## - EDITION STATEMENT | |
| Edition statement | 1st ed. |
| 260 ## - PUBLICATION, DISTRIBUTION, ETC. | |
| Place of publication, distribution, etc. | Mumbai : |
| Name of publisher, distributor, etc. | Himalaya Publishing House , |
| Date of publication, distribution, etc. | 2005. |
| 300 ## - PHYSICAL DESCRIPTION | |
| Extent | xv, 782p. ; |
| Dimensions | 21.5 cm. |
| 650 ## - SUBJECT ADDED ENTRY--TOPICAL TERM | |
| Topical term or geographic name entry element | Proteins |
| 9 (RLIN) | 56398 |
| 650 ## - SUBJECT ADDED ENTRY--TOPICAL TERM | |
| Topical term or geographic name entry element | Lipids |
| 9 (RLIN) | 56399 |
| 650 ## - SUBJECT ADDED ENTRY--TOPICAL TERM | |
| Topical term or geographic name entry element | The nucleus |
| 9 (RLIN) | 56400 |
| 942 ## - ADDED ENTRY ELEMENTS (KOHA) | |
| Source of classification or shelving scheme | Dewey Decimal Classification |
| Koha item type | Book |
| Edition | 1st |
| Call number prefix | 574.87 POWC |
| Withdrawn status | Lost status | Source of classification or shelving scheme | Damaged status | Not for loan | Collection code | Home library | Current library | Source of acquisition | Cost, normal purchase price | Inventory number | Total Checkouts | Full call number | Barcode | Date last seen | Cost, replacement price | Price effective from | Koha item type | Date last checked out |
|---|---|---|---|---|---|---|---|---|---|---|---|---|---|---|---|---|---|---|
| Dewey Decimal Classification | MCA | St Aloysius Institute of Management & Information Technology | St Aloysius Institute of Management & Information Technology | Sita Book House | 190.00 | Bill no:6056; Bill dt:2005-06-28 | 574.87 POWC | MCA06529 | 07/21/2025 | 161.50 | 07/16/2021 | Book | ||||||
| Dewey Decimal Classification | MCA | St Aloysius Institute of Management & Information Technology | St Aloysius Institute of Management & Information Technology | Sita Book House | 190.00 | Bill no:6056; Bill dt:2005-06-28 | 574.87 POWC | MCA06530 | 07/21/2025 | 161.50 | 07/16/2021 | Book | ||||||
| Dewey Decimal Classification | MCA | St Aloysius Institute of Management & Information Technology | St Aloysius Institute of Management & Information Technology | Sita Book House | 190.00 | Bill no:6056; Bill dt:2005-06-28 | 1 | 574.87 POWC | MCA06531 | 07/21/2025 | 161.50 | 07/16/2021 | Book | 02/11/2023 | ||||
| Dewey Decimal Classification | MCA | St Aloysius Institute of Management & Information Technology | St Aloysius Institute of Management & Information Technology | Sita Book House | 190.00 | Bill no:6056; Bill dt:2005-06-28 | 574.87 POWC | MCA06532 | 07/21/2025 | 161.50 | 07/16/2021 | Book | ||||||
| Dewey Decimal Classification | Reference Book | MCA | St Aloysius Institute of Management & Information Technology | St Aloysius Institute of Management & Information Technology | Sita Book House | 190.00 | Bill no:6056; Bill dt:2005-06-28 | 574.87 POWC | MCA06533 | 07/21/2025 | 161.50 | 07/16/2021 | Book |